Advanced linear algebra (Record no. 69)

MARC details
000 -LEADER
fixed length control field 00468 a2200193 4500
001 - CONTROL NUMBER
control field 002303
003 - CONTROL NUMBER IDENTIFIER
control field OSt
005 - DATE AND TIME OF LATEST TRANSACTION
control field 20220113123722.0
008 - FIXED-LENGTH DATA ELEMENTS--GENERAL INFORMATION
fixed length control field
020 ## - INTERNATIONAL STANDARD BOOK NUMBER
International Standard Book Number 9780387728285
082 ## - DEWEY DECIMAL CLASSIFICATION NUMBER
Classification number 512.5
Item number R66A
100 1# - MAIN ENTRY--PERSONAL NAME
Personal name Roman, Steven
245 1# - TITLE STATEMENT
Title Advanced linear algebra
Statement of responsibility, etc by Steven Roman
250 ## - EDITION STATEMENT
Edition statement 3rd ed.
260 ## - PUBLICATION, DISTRIBUTION, ETC. (IMPRINT)
Place of publication, distribution, etc New York
Name of publisher, distributor, etc Springer
Date of publication, distribution, etc 2008
300 ## - PHYSICAL DESCRIPTION
Extent 522p.
653 ## - INDEX TERM--UNCONTROLLED
Uncontrolled term Algebras, Linear; Mathematics
942 ## - ADDED ENTRY ELEMENTS (KOHA)
Source of classification or shelving scheme Dewey Decimal Classification
Koha item type Books
Holdings
Withdrawn status Lost status Source of classification or shelving scheme Damaged status Not for loan Collection code Home library Current library Date acquired Source of acquisition Cost, normal purchase price Total Checkouts Full call number Barcode Date last seen Date checked out Price effective from Koha item type
    Dewey Decimal Classification     General Text Book Central University Of Rajasthan Central University Of Rajasthan 28/09/2010 MTH 3326.00 5 512.5 R66A 2295 21/11/2024 08/08/2023 02/09/2020 Books